| 000 | 00473nam a2200157Ia 4500 | ||
|---|---|---|---|
| 008 | 220216s9999 xx 000 0 und d | ||
| 100 | _aNakajima Y | ||
| 245 | 0 | _aIncrease of frictional force of rubber block by uniform contact pressure distribution and its application to tire | |
| 260 |
_bRubber Chemistry and Technology _c2002 |
||
| 300 | _a589-604 | ||
| 650 | _aFrictional force | ||
| 650 | _aRubber block | ||
| 650 | _aTire | ||
| 700 | _aTakahashi F | ||
| 942 | _cJS | ||
| 999 |
_c61006 _d61006 |
||